Drei Richtige und eine Falsche - Weltgeographie - Statistiken

Allgemein
  • Dieses Quiz wurde 12.131 mal gespielt
  • Das Durchschnittsergebnis liegt bei 9 aus 15
Antwortstatistiken
Frage Antwort % Korrekt
Länder, in denen Deutsch Amtssprache ist Niederlande
86%
Meere, die Russland berührt Nordsee
79%
Berge in den Alpen Mount Elbrus
78%
Städte am Mittelmeer Mailand
76%
Nationalhauptstädte Auckland
73%
Länder in den Vereinten Nationen Grönland
72%
Länder auf dem Nullmeridian Kenia
71%
Länder auf dem Äquator Saudi-Arabien
68%
Griechische Inseln Kalamata
63%
Britische Überseegebiete Faröer Inseln
55%
Dinge, die in Kanada gefunden werden können Ross-Schelfeis
47%
Tiere, die in Südamerika beheimatet sind Helmkasuar
41%
Afrikanische Große Seen Sambesisee
30%
Stadt, die nördlich vom Nördlichen Polarkreis liegt Novosibirsk
29%
Flüsse in China Jade-Fluss
22%
Keine übereinstimmenden Quizze gefunden
Verteilung der Resultate
Anzahl Personen mit jedem Resultat
Perzentil nach korrekt beantworteten Fragen
Ihre Resultats-Entwicklung
Sie haben dieses Quiz noch nicht gespielt